000 01020nam0a22002891 4500
001 rc\46545
005 20250620160708.0
010 _a5-88833-036-1
_95000
035 _a(NLR Aleph) 005326712
090 _a6547159
_c6547159
100 _a20021216d1996 |||y0rusy50 ca
101 0 _arus
102 _aRU
105 _aa |||||||||
200 1 _aОсновы рекламного дела
_fПеревод с англ. Б. Косенкова
210 _aСамара
_cКорпорация "Федоров"
_dБ. г. (1996)
215 _a479 с.
_cил.
_d25
300 _aПеревод изд.: Basic advertising / Donald W. Jugenheimer, Gordon E. White (Cincinnati)
320 _aБиблиогр. в примеч.: с. 361-362
320 _aПредм. указ.: с. 371-379
700 1 _aДжугенхаймер
_bД.У.
_gДональд У.
701 1 _aУайт
_bГ.И.
_gГордон И.
801 0 _aRU
_bNLR
_gpsbo
801 1 _aRU
_bELAR
_2rusmarc
852 _aNLR
_j96-7/1533
942 _cBOOK
980 _aNB